| 000 | 00342nam a2200109Ia 4500 | ||
|---|---|---|---|
| 008 | 171204s9999 xx 000 0 und d | ||
| 245 | _aStem Guides To Cooking: (stem Everyday) | ||
| 245 | _cKay Robertson | ||
| 260 | _c2013 | ||
| 650 | _xCulinary Arts & Sciences with Lab | ||
| 856 | _uhttp://down.ebook777.com/021/SteGuiToCoo(stEveByKayRob.pdf | ||
| 999 |
_c346751 _d346751 |
||